Planning the Modern Public Library Buildings / (Record no. 122465)

MARC details
000 -LEADER
fixed length control field 00899nam a22002537a 4500
005 - DATE AND TIME OF LATEST TRANSACTION
control field 20170124105910.0
010 ## - LIBRARY OF CONGRESS CONTROL NUMBER
LC control number B-168504
020 ## - INTERNATIONAL STANDARD BOOK NUMBER
Terms of availability 1250.00
International Standard Book Number 9780313321559
035 ## - SYSTEM CONTROL NUMBER
System control number B-168504
037 ## - SOURCE OF ACQUISITION
Source of stock number/acquisition Cen Lib/Ret
040 ## - CATALOGING SOURCE
Original cataloging agency DPL
Language of cataloging EN
082 ## - DEWEY DECIMAL CLASSIFICATION NUMBER
Classification number 679.5
Item number PLA
245 ## - TITLE STATEMENT
Title Planning the Modern Public Library Buildings /
Statement of responsibility, etc edited by Gerard B. McCabe [and] James R. Kennedy
260 ## - PUBLICATION, DISTRIBUTION, ETC. (IMPRINT)
Place of publication, distribution, etc Westport
Name of publisher, distributor, etc Libraries Unlimited
Date of publication, distribution, etc 2005
270 ## - ADDRESS
Address 88 Post Road West
City Westport
300 ## - PHYSICAL DESCRIPTION
Extent xi, 280p.:
Dimensions 21cm(pbk)
Other physical details ill.
490 ## - SERIES STATEMENT
Series statement The libraries unlimited library management collection
500 ## - GENERAL NOTE
General note Includes bibliographic references and index
650 ## - SUBJECT ADDED ENTRY--TOPICAL TERM
Topical term or geographic name as entry element Library buildings
General subdivision Planning
9 (RLIN) 112363
650 ## - SUBJECT ADDED ENTRY--TOPICAL TERM
Topical term or geographic name as entry element Library buildings
General subdivision Design and Constructions
9 (RLIN) 112364
700 ## - ADDED ENTRY--PERSONAL NAME
Personal name McCabe, Gerard B.
9 (RLIN) 112365
700 ## - ADDED ENTRY--PERSONAL NAME
Personal name Kennedy, James R.
9 (RLIN) 40357
942 ## - ADDED ENTRY ELEMENTS (KOHA)
Source of classification or shelving scheme Dewey Decimal Classification
Koha item type English Books
Classification part 679.5
Call number suffix PLA
Holdings
Withdrawn status Lost status Damaged status Not for loan Collection code Home library Current library Date acquired Source of acquisition Cost, normal purchase price Total Checkouts Full call number Barcode Date last seen Copy number Cost, replacement price Price effective from Koha item type Source of classification or shelving scheme
      Not For Loan Reference Central Library Central Library 22/05/2015 Cen Lib/Ret 1250.00   679.5 PLA B-168504 22/05/2015 1 1250.00 15/09/2016 English Books  
      Not For Loan Reference Central Library Central Library 01/12/2016 Cen Lib/Ret 1250.00   679.5 PLA B-168505 01/12/2016 2 1250.00 01/12/2016 English Books Dewey Decimal Classification

© Delhi Public Library
Hit Counter
free hit counter